000 00468nam a2200181Ia 4500
008 221030s9999 xx 000 0 und d
020 _a8177585681
041 _aEnglish
082 _a105.23
100 _aN. H. E. Weste
245 0 _aCMOS VLSI Design - A Circuits & Systems Perspective
_cby N. H. E. Weste, D. Harris
250 _a3rd
260 _bPearson Education
_aNew Delhi
_c2011
300 _a659
650 _aECE
700 _aD. Harris
942 _cBK
999 _c10128
_d10128